• 首页
  • 本馆介绍
  • 公告通知
  • 最新文献
  • 馆藏检索
  • 电子资源
  • 读者导购
  • 参考咨询
  • 我的图书馆
  • 登录
  • 详细信息显示
  • 放入我的书架
  • 预约/预借图书
  • 作者相关作品
  • 分类相关作品
  • 丛书相关作品
  • 出版社相关作品

书目信息

  • 表格格式
  • 工作单格式
  • 卡片格式
题名:
二居装饰
    
 
作者: 丁方 编著
分册:  
出版信息: 北京   清华大学出版社  2016.2
页数: 158页
开本: 19×21cm
丛书名: 家装故事汇
单 册:
中图分类: TU767.7
科图分类:
主题词: 住宅--室内装修
电子资源:
ISBN: 978-7-302-42102-3
000 01180nam 2200265 450
001 0400004725
005 20171024170852.0
010    @a978-7-302-42102-3@dCNY39.00
100    @a20160408d2016 em y0chiy50 ea
101 0  @achi
102    @aCN@b110000
105    @aa z 000yy
106    @ar
200 1  @a二居装饰@9er ju zhuang shi@b专著@e精致的小康生活@f丁方编著
210    @a北京@c清华大学出版社@d2016.2
215    @a158页@c彩图@d19×21cm
225 2  @a家装故事汇
330    @a家庭装修是把生活的各种情形“物化”到空间之中。大的装修概念包括房间设计、装修、家具布置以及富有情趣的软性装点。通常业主会亲自介入到装修过程中,不仅在装修设计施工期间,还包括入住之后长期不断地改进。装修是件琐碎的事,需要业主用智慧去整合,是一件既美妙又辛苦的事情。本书结合大量实例(不乏大量获奖作品),以主人公心情故事的形式,以点带面,从真实、简单的问题出发讲解枯燥难懂的装修知识。本套书适合都市住宅业主、家装和软装类设计师、设计院校学生阅读。
461  0 @12001 @a家装故事汇
517 1  @a精致的小康生活@9jing zhi de xiao kang sheng huo
606 0  @a住宅@x室内装修
690    @aTU767.7@v5
701  0 @a丁方@9ding fang@4编著
801  0 @aCN@b91MARC@c20171024
905    @b1039030-4@dTU767.7@f5@e1329
    
    二居装饰:精致的小康生活/丁方编著.-北京:清华大学出版社,2016.2
    158页:彩图;19×21cm.-(家装故事汇)
    
    
    ISBN 978-7-302-42102-3:CNY39.00
    家庭装修是把生活的各种情形“物化”到空间之中。大的装修概念包括房间设计、装修、家具布置以及富有情趣的软性装点。通常业主会亲自介入到装修过程中,不仅在装修设计施工期间,还包括入住之后长期不断地改进。装修是件琐碎的事,需要业主用智慧去整合,是一件既美妙又辛苦的事情。本书结合大量实例(不乏大量获奖作品),以主人公心情故事的形式,以点带面,从真实、简单的问题出发讲解枯燥难懂的装修知识。本套书适合都市住宅业主、家装和软装类设计师、设计院校学生阅读。
●
相关链接 在E读中查询图书 在五车中查询图书 在当当中查询图书 在豆瓣中查询图书


正题名:二居装饰     索取号:TU767.7/1329         预约/预借

序号 登录号 条形码 馆藏地/架位号 状态 备注
1 1039030   210390307   第二样本阅览室/ [索取号:TU767.7/1329] 在馆    
2 1039031   210390316   密集书库-生命科学系/ [索取号:TU767.7/1329] 在馆    
3 1039032   210390325   第三借阅区/ [索取号:TU767.7/1329] 在馆    
4 1039033   210390334   第三借阅区/ [索取号:TU767.7/1329] 在馆    
5 1039034   210390343   第三借阅区/ [索取号:TU767.7/1329] 在馆    
唐山师范学院图书馆 欢迎您!
大连网信软件有限公司© 版权所有